ბათუმის შოთა რუსთაველის სახელმწიფო უნივერსიტეტის ბიბლიოთეკა

ლიდერობა და გუნდის მართვა : (ბიბ.ჩანაწერი № 61388)

000 -ლიდერი
ფიქსირებული სიგრძის საკონტროლო ველი 01056nam a22002057a 4500
003 - საკონტროლო ნომრის იდენტიფიკატორი
საკონტროლო ველი Ge_BSU
005 - ბოლო ოპერაციის თარიღი და დრო
საკონტროლო ველი 20240305110336.0
008 - ფიქსირებული სიგრძის მონაცემთა ელემენტები - ზოგადი ინფორმაცია
ფიქსირებული სიგრძის საკონტროლო ველი 240305s2020 ge ||||| |||| 00| 0 geo d
020 ## - წიგნის საერთაშორისო სტანდარტული ნომერი
International Standard Book Number 9789941967863
041 ## - ენის კოდი
Language code of text/sound track or separate title geo
080 ## - უნივერსალური ათობითი კლასიფიკაციის ინდექსი
Universal Decimal Classification number 005.7+316.46 კ-41
100 ## - მთავარი ჩანაწერი - პიროვნების სახელი
Personal name კერესელიძე, შალვა
9 (RLIN) 21311
245 ## - ცნობა სათაურის შესახებ
Title ლიდერობა და გუნდის მართვა :
Remainder of title [სახელმძღვანელო] /
Statement of responsibility, etc კერესელიძე შალვა, კერესელიძე დავითი, კერესელიძე ლევანი; რედაქტორი ზაირა ღუდუშაური.
264 ## - წარმოების, გამოცემის, დისტრიბუციის და სხვა ცნობები
გამოცემის, წარმოების, დისტრიბუციის... ადგილი თბილისი :
გამოცემის, წარმოების, დისტრიბუციის... სახელწოდება შპს "საჩინო",
გამოცემის, წარმოების, დისტრიბუციის... თარიღი 2020.
300 ## - ფიზიკური აღწერა
Extent 396 გვ. :
Other physical details ნახ., ცხრ. ;
Dimensions 20 სმ.
653 ## - INDEX TERM--UNCONTROLLED
Uncontrolled term ლიდერობა
653 ## - INDEX TERM--UNCONTROLLED
Uncontrolled term მართვის ორგანიზაცია
700 ## - ADDED ENTRY--PERSONAL NAME
Personal name კერესელიძე, დავითი
Relator term ავტორი
9 (RLIN) 21312
942 ## - ADDED ENTRY ELEMENTS (KOHA)
Source of classification or shelving scheme
Koha item type წიგნი
ეგზემპლარები
ჩამოწერის სტატუსი დაკარგული ეგზემპლარის სტატუსი კლასიფიკაციის წყარო ან თაროზე გაწყობის სქემა დაზიანების სტატუსი არ გაიცემა მუდმივი მდებარეობა (დაცვის ადგილი) ამჟამინდელი ადგილსამყოფელი თაროზე განთავსების ადგილი შეძენის თარიღი ღირებულება, შესყიდვის ნორმალური ფასი სრული შენახვის შიფრი შტრიხკოდი ბოლო ოპერაციის თარიღი ეგზემპლარის მიმდევრობითი ნომერი (კეტერი?) Uniform Resource Identifier ფასის ძალაში შესვლის თარიღი ეგზემპლარის სახეობა საჯარო შენიშვნა
          ბათუმის შოთა რუსთაველის სახელმწიფო უნივერსიტეტის მთავარი ბიბლიოთეკა ბათუმის შოთა რუსთაველის სახელმწიფო უნივერსიტეტის მთავარი ბიბლიოთეკა წიგნსაცავი 2024-03-05 10.00 005.7+316.46 კ-41 67620 2024-03-05 67620 ნაჩუქარი 2024-03-05 წიგნი 10 ლ.